000 00487nam a2200181Ia 4500
003 SGT
020 _a9788172336448
082 _a624.1821
_bRAM
100 _aRamchandra
245 _aDesign of steel structures-2
250 _a9th Rev. Ed.
260 _bScientific Publishers (India)
_aJodhpur
_c2013
300 _a984p.
650 _aCivil Engineering
653 _aSteel Bridges , Loads methods of design & stresses, Plate girder
700 _aGehlot Virendra
942 _2ddc
_cBK
_01
999 _c5527
_d5527